| 000 | 00568nam a22001937a 4500 | ||
|---|---|---|---|
| 003 | OSt | ||
| 005 | 20180116183042.0 | ||
| 008 | 160223b xxu||||| |||| 00| 0 eng d | ||
| 020 | _a24-001-2014-2 | ||
| 040 | _cLahore University of Management Sciences. | ||
| 050 | _a174.4 | ||
| 082 | _a174.4 LUMS 2014 | ||
| 100 | _aASHRAF J | ||
| 245 |
_aFRAUDS AND THEIR PREVENTION IN ORGANISATIONS . _cDr. Muhammad Junaid Ashraf. |
||
| 260 |
_aLahore. _bLahore University of Management Sciences. _c2014. |
||
| 300 | _a16p. | ||
| 500 | _aPaper Cover | ||
| 942 |
_2ddc _cCS _k174.4 |
||
| 999 |
_c351273 _d351273 |
||